LIBRARY ONLINE CATALOGUE

Biogeography : (Record no. 3425)

MARC details
000 -LEADER
fixed length control field 00659nam a22002172 4500
001 - CONTROL NUMBER
control field 0000009284
005 - DATE AND TIME OF LATEST TRANSACTION
control field 20151217145849.0
008 - FIXED-LENGTH DATA ELEMENTS--GENERAL INFORMATION
fixed length control field 080921s xx 000 0 eng d
020 ## - INTERNATIONAL STANDARD BOOK NUMBER
International Standard Book Number 1405118989 :
Terms of availability BSP 36.99
040 ## - CATALOGING SOURCE
Original cataloging agency KABU
Transcribing agency KABU
100 1# - MAIN ENTRY--PERSONAL NAME
Personal name Cox, C. Barry.
-- 0000160471
245 10 - TITLE STATEMENT
Title Biogeography :
Remainder of title an ecological and evolutionary approach /
Statement of responsibility, etc. C. Barry Cox and Peter D. Moore.
250 ## - EDITION STATEMENT
Edition statement 7th ed.
260 ## - PUBLICATION, DISTRIBUTION, ETC. (IMPRINT)
Place of publication, distribution, etc. Oxford :
Name of publisher, distributor, etc. Blackwell,
Date of publication, distribution, etc. 2005.
300 ## - PHYSICAL DESCRIPTION
Extent xi, 428 p.
650 #0 - SUBJECT ADDED ENTRY--TOPICAL TERM
Topical term or geographic name as entry element Biogeography.
-- 0000160472
700 1# - ADDED ENTRY--PERSONAL NAME
Personal name Moore, Peter D.
-- 0000111342
908 ## - PUT COMMAND PARAMETER (RLIN)
Put command parameter 080921
950 ## - LOCAL HOLDINGS (RLIN)
-- 1
Holdings
Withdrawn status Lost status Source of classification or shelving scheme Not for loan Home library Current library Date acquired Total Checkouts Full call number Barcode Date last seen Price effective from Koha item type
    Library of Congress Classification   Kabarak, Main Campus Kabarak, Main Campus 17/12/2015   QH84 .C69 2005 c. 1 009174 17/12/2015 17/12/2015 General Collection